01405pab a2200169 454500008004000000100002000040245008700060260000900147300001600156362001100172520087400183650001201057773003401069909001001103999001701113952010501130180718b2006 xxu||||| |||| 00| 0 eng d aLingam, Lakshmi aGender, households and poverty: tracking mediations of macro adjustment programmes c2006 ap.1989-998. a20 May aA critical review of selected literature emerging from African, Latin American, Caribbean and Asian countries that have adopted structural adjustment programmes throws light on the multidimensionality of effects at the household level and cumulative gender implications. Major areas of concern revolve around examination household survival strategies as ways of coping with these impacts at the household level. This paper attempts to capture significant areas of concern that emerge from the literature around (a) women's work, poverty and structural adjustment; (b) household survival strategies; and (c) growing orthodoxy and the extant critique around gender, poverty, household headship and household survival strategies. The paper pulls together our understanding of gender and gender relations that the research seems to be cumulatively indicating. - Reproduced. aPoverty aEconomic and Political Weekly a69737 c69737d69737 00104070aIIPAbIIPAd2018-07-19hVolume no: 41, Issue no: 20pAR70193r2018-07-19w2018-07-19yAR